[Event "British Rapidplay"]
[Site "Peterborough"]
[Date "2024.03.02"]
[Round "1"]
[White "Gevorgyan, Albert R"]
[Black "Gormally, Daniel"]
[Result "0-1"]
[WhiteElo "1929"]
[BlackElo "2415"]
[PlyCount "71"]
[EventDate "2024.03.02"]
[EventType "swiss (rapid)"]
[EventRounds "11"]
[EventCountry "ENG"]
[SourceTitle "CB10_2024"]
[SourceDate "2024.03.06"]
[SourceVersion "1"]
[SourceVersionDate "2024.03.06"]
[SourceQuality "1"]

1. e4 c5 2. Nf3 d6 3. Bb5+ Nd7 4. a4 Ngf6 5. Nc3 e6 6. 0-0 Be7 7. d4 cxd4 8. Qxd4 0-0 9. Nd2 Ne5 10. Rd1 a6 11. Be2 b6 12. Nc4 Nxc4 13. Bxc4 Qc7 14. Be2 Bb7 15. Be3 Nd7 16. h4 h6 17. Rd3 Nc5 18. Rdd1 Rfd8 19. h5 Rac8 20. Ra3 Bf6 21. Qd2 d5 22. exd5 Bxd5 23. Nxd5 Rxd5 24. Qb4 a5 25. Qg4 Rxd1+ 26. Bxd1 Nd7 27. Bxh6 Ne5 28. Qg3 Nc4 29. Bf4 e5 30. Be3 Nxa3 31. bxa3 Rd8 32. Bg4 Qxc2 33. Bxb6 Qb1+ 34. Kh2 Qxb6 35. Bf5 Qd4 36. h6 0-1

[Event "British Rapidplay"]
[Site "Peterborough"]
[Date "2024.03.02"]
[Round "6"]
[White "He, Tom Junde"]
[Black "Gevorgyan, Albert R"]
[Result "1-0"]
[WhiteElo "1783"]
[BlackElo "1929"]
[PlyCount "47"]
[EventDate "2024.03.02"]
[EventType "swiss (rapid)"]
[EventRounds "11"]
[EventCountry "ENG"]
[SourceTitle "CB10_2024"]
[SourceDate "2024.03.06"]
[SourceVersion "1"]
[SourceVersionDate "2024.03.06"]
[SourceQuality "1"]

1. Nf3 d5 2. d4 Nf6 3. c4 c6 4. Qb3 e6 5. g3 Be7 6. Bg2 0-0 7. 0-0 Nbd7 8. Rd1 Qc7 9. Nc3 dxc4 10. Qxc4 e5 11. e4 exd4 12. Bf4 Bd6 13. Nb5 cxb5 14. Qxc7 Bxc7 15. Bxc7 Nxe4 16. Nxd4 Ndf6 17. Nxb5 b6 18. Nd6 Nxd6 19. Bxd6 Bf5 20. Bxf8 Rxf8 21. Rac1 Be6 22. b3 a5 23. Rc6 Rb8 24. Rxb6 1-0